000 00614nam a2200241 i 4500
001 C2-0274100
003 PPAK
005 20180728003241.0
008 060917s1989 nyu |||| ||||| | eng d
020 _a0590441442
040 _aPPAK
_beng
_cPPAK
_erda
082 0 4 _a304.82
_223
090 0 0 _a304.82
_bBOD
_dK
100 1 _aBode, Janet,
_eauthor
245 1 0 _aNew kids in town
264 1 _aNew York :
_bScholastic Inc. ,
_c1989
300 _a126 pages ;
_c19 cm
336 _2rdacontent
_atext
337 _2rdamedia
_aunmediated
338 _2rdacarrier
_avolume
650 1 0 _aMigration.
942 _ddc
_cB
999 _c81917
_d81917